Noticias sobre el Jardín Botánico de Sanlúcar de Barrameda y sobre el viajero D. Francisco Badía, procedentes de los papeles de D. José Camps / (Record no. 30334)

MARC details
000 -LEADER
campo de control de longitud fija 00749nam a2200181 i 4500
001 - NÚMERO DE CONTROL
campo de control 30334
003 - IDENTIFICADOR DE NÚMERO DE CONTROL
campo de control ES-MaACL
005 - FECHA Y HORA DE LA ÚLTIMA TRANSACCIÓN
campo de control 20230909063110.0
007 - CAMPO FIJO DE DESCRIPCIÓN FÍSICA--INFORMACIÓN GENERAL
campo de control de longitud fija t|
008 - DATOS DE LONGITUD FIJA--INFORMACIÓN GENERAL
campo de control de longitud fija 030124q1911 sp ||||1| spa d
100 1# - ENTRADA PRINCIPAL--NOMBRE DE PERSONA
Nombre de persona Barras de Aragón, Francisco de las,
Fechas asociadas al nombre 1869-1955
9 (RLIN) 25859
245 10 - MENCIÓN DEL TÍTULO
Título Noticias sobre el Jardín Botánico de Sanlúcar de Barrameda y sobre el viajero D. Francisco Badía, procedentes de los papeles de D. José Camps /
Mención de responsabilidad, etc. Francisco de las Barras de Aragón.
260 ## - PUBLICACIÓN, DISTRIBUCIÓN, ETC.
Lugar de publicación, distribución, etc. [S.l. :
Nombre del editor, distribuidor, etc. s.n.,
Fecha de publicación, distribución, etc. 1911?]
300 ## - DESCRIPCIÓN FÍSICA
Extensión [4] p. ;
Dimensiones 25 cm.
500 ## - NOTA GENERAL
Nota general Es separata de: Boletín de la Real Sociedad Española de Historia Natural, Marzo, 1911.
852 ## - LOCALIZACIÓN
Ubicación ES-MaACL
Número de control de estantería 1604-F-3
condición física . - Ded. autógr. de autor
Holdings
Estatus retirado Estado de pérdida Fuente del sistema de clasificación o colocación Estado de daño No para préstamo Colección Biblioteca de origen Biblioteca actual Ubicación en estantería Fecha de adquisición Total de préstamos Signatura topográfica completa Código de barras Visto por última vez Precio de reemplazo Tipo de ítem Koha Nota pública
    Clasificación decimal universal     Colección de folletos Biblioteca del Ateneo de Madrid Biblioteca del Ateneo de Madrid Depósito folletos 17/01/2008   1604-F-3 1031315 23/02/2023 23/02/2023 Folleto Dedicatoria autógrafa del autor